Uczestnicy Ligi Mistrzów 25/26 - Statystyki

Ogólne statystyki
  • Ten quiz został rozwiązany 55 razy
    13 od ostatniego zresetowania
  • Średni wynik to 28 z 36
Statystyki odpowiedzi
Państwo Klub % Poprawnych
Anglia Arsenal Londyn
100%
Niemcy Bayer Leverkusen
100%
Hiszpania FC Barcelona
100%
Anglia Liverpool
100%
Anglia Manchester City
100%
Francja PSG
100%
Hiszpania Real Madryt
100%
Niemcy Bayern Monachium
91%
Holandia PSV Eindhoven
91%
Holandia Ajax Amsterdam
82%
Włochy Atalanta Bergamo
82%
Hiszpania Athletic Bilbao
82%
Hiszpania Atletico Madryt
82%
Niemcy Borussia Dortmund
82%
Anglia Chelsea Londyn
82%
Niemcy Eintracht Frankfurt
82%
Włochy Inter Mediolan
82%
Francja Olympique Marsylia
82%
Portugalia Sporting Lizbona
82%
Włochy SSC Napoli
82%
Turcja Galatasaray SK
73%
Włochy Juventus Turyn
73%
Anglia Newcastle United
73%
Czechy Slavia Praga
73%
Anglia Tottenham Hotspur
73%
Hiszpania Villarreal
73%
Francja AS Monaco
64%
Portugalia Benfica Lizbona
64%
Norwegia Bodo/Glimt
64%
Belgia Club Brugge
64%
Kazachstan Kairat Ałmaty
64%
Cypr Pafos
64%
Belgia Union Saint-Gilloise
55%
Dania FC Kopenhaga
45%
Azerbejdżan Karabach Agdam
45%
Grecja Olympiakos Pireus
45%
Nie znaleziono quizów pasujących do podanych kryteriów
Rozkład punktacji
Procent ludzi z każdym wynikiem
Percentyl według liczby udzielonych odpowiedzi
Twoja historia wyników
Nie rozwiązałeś tego quizu od ostatniego zresetowania